000 00440nam a2200181Ia 4500
005 20250423100334.0
008 250422s9999 xx 000 0 und d
020 _a978-978-023--075-0
050 _aKP 127 .I4/
100 _aIgweike, Kingsley ikem.
245 0 _aNigerian Commercial Law[ AGENCY]
260 _aLagos
260 _bMalthouse
260 _c2015
300 _a178 p
650 _aCommercial law-nigeria.
942 _cBK
999 _c33006
_d33006